[Event "BCF-chT3 0809 (4NCL)"]
[Site "Hinckley Island"]
[Date "2009.02.08"]
[Round "6.3"]
[White "Lloyd, Alan D"]
[Black "Kemp, Paul R"]
[Result "0-1"]
[WhiteElo "2110"]
[BlackElo "2102"]
[PlyCount "48"]
[EventDate "2008.10.18"]
[EventType "team-swiss"]
[EventRounds "11"]
[EventCountry "ENG"]
[SourceTitle "EXT 2010"]
[Source "ChessBase"]
[SourceDate "2010.11.25"]
[SourceVersion "1"]
[SourceVersionDate "2010.11.25"]
[SourceQuality "1"]
[WhiteTeam "Warwicks Select II"]
[BlackTeam "Poisoned Pawns II"]
[WhiteTeamCountry "ENG"]
[BlackTeamCountry "ENG"]

1. c4 e5 2. Nc3 Nf6 3. g3 c6 4. Nf3 e4 5. Nd4 Qb6 6. Nb3 a5 7. a4 d5 8. cxd5 cxd5 9. Bg2 Be6 10. Nb5 Bd7 11. N3d4 Bc5 12. e3 Nc6 13. Nxc6 bxc6 14. Nc3 Bc8 15. d3 exd3 16. Qxd3 Ba6 17. Qf5 0-0 18. Bf1 Rfe8 19. Bxa6 Qxa6 20. Bd2 Rab8 21. 0-0-0 Ne4 22. Nxe4 Rxe4 23. Bc3 Qc4 24. Rhe1 Ba3 0-1

[Event "BCF-chT4 0506 (4NCL)"]
[Site "West Bromwich"]
[Date "2006.02.11"]
[Round "5.1"]
[White "Richmond, Peter A"]
[Black "Lloyd, Alan D"]
[Result "1-0"]
[WhiteElo "2240"]
[BlackElo "2110"]
[PlyCount "57"]
[EventDate "2005.11.05"]
[EventType "team-tourn"]
[EventRounds "11"]
[EventCountry "ENG"]
[SourceTitle "CBM 109 Extra"]
[Source "ChessBase"]
[SourceDate "2006.01.03"]
[SourceVersion "2"]
[SourceVersionDate "2006.01.03"]
[SourceQuality "1"]
[WhiteTeam "Brown Jack"]
[BlackTeam "Warwicks Select II"]
[WhiteTeamCountry "ENG"]
[BlackTeamCountry "ENG"]

1. e4 c5 2. Nf3 d6 3. d4 cxd4 4. Nxd4 Nf6 5. Nc3 Nc6 6. Bc4 e6 7. Be3 a6 8. Qe2 Qc7 9. Bb3 Be7 10. 0-0-0 Na5 11. g4 Nxb3+ 12. axb3 b5 13. g5 Nd7 14. f4 Bb7 15. f5 e5 16. Nf3 0-0-0 17. Nd5 Bxd5 18. exd5 Kb8 19. Kb1 Rc8 20. Rc1 Qb7 21. c4 bxc4 22. bxc4 Bd8 23. Nd2 Ka8 24. Ne4 Bc7 25. Rc3 Bb8 26. Ra3 Nc5 27. Bxc5 dxc5 28. Kc2 Ba7 29. Nd6 1-0

[Event "BCF-chT4 0506 (4NCL)"]
[Site "West Bromwich"]
[Date "2005.11.05"]
[Round "1.3"]
[White "Mercs, Peter J"]
[Black "Lloyd, Alan D"]
[Result "1/2-1/2"]
[WhiteElo "2110"]
[BlackElo "2110"]
[PlyCount "127"]
[EventDate "2005.11.05"]
[EventType "team-tourn"]
[EventRounds "11"]
[EventCountry "ENG"]
[SourceTitle "CBM 109 Extra"]
[Source "ChessBase"]
[SourceDate "2006.01.03"]
[SourceVersion "2"]
[SourceVersionDate "2006.01.03"]
[SourceQuality "1"]
[WhiteTeam "Nottinghamshire"]
[BlackTeam "Warwicks Select II"]
[WhiteTeamCountry "ENG"]
[BlackTeamCountry "ENG"]

1. e4 c5 2. Nf3 d6 3. d4 cxd4 4. Nxd4 Nf6 5. Nc3 Nc6 6. f3 e6 7. Be3 Be7 8. g4 a6 9. Qd2 Qc7 10. 0-0-0 b5 11. Nxc6 Qxc6 12. Ne2 Bb7 13. Nd4 Qc7 14. g5 Nd7 15. h4 Rc8 16. Kb1 Ne5 17. Rh2 Nc4 18. Bxc4 Qxc4 19. h5 d5 20. g6 dxe4 21. h6 gxh6 22. g7 Rg8 23. Nf5 Bd5 24. b3 Qb4 25. Nxe7 Qxd2 26. Bxd2 Kxe7 27. fxe4 Bxe4 28. Bb4+ Kf6 29. Bf8 h5 30. Rf1+ Kg6 31. Rg1+ Kh6 32. Kb2 Bg6 33. c3 Rgxf8 34. gxf8Q+ Rxf8 35. Rh4 f5 36. a4 f4 37. axb5 axb5 38. c4 bxc4 39. bxc4 e5 40. Kc3 f3 41. Rh2 Rd8 42. Rd2 Re8 43. Rf2 Ra8 44. c5 e4 45. Kd4 Re8 46. Ke3 Re6 47. Rc1 Be8 48. Rd2 Kg5 49. Rd6 Rxd6 50. cxd6 Kg4 51. Rc8 Bb5 52. Rc7 h6 53. d7 Bxd7 54. Rxd7 h4 55. Rg7+ Kf5 56. Rg8 h3 57. Rg3 h2 58. Rh3 Kg4 59. Rxh2 h5 60. Kf2 h4 61. Rh1 h3 62. Rh2 Kh4 63. Rh1 Kg4 64. Rh2 1/2-1/2

[Event "BCF-chT4b 0405 (4NCL)"]
[Site "Telford"]
[Date "2004.11.07"]
[Round "2.1"]
[White "Pugh, Derek"]
[Black "Lloyd, Alan D"]
[Result "0-1"]
[WhiteElo "2180"]
[BlackElo "2140"]
[PlyCount "62"]
[EventDate "2004.11.06"]
[EventType "team-tourn"]
[EventRounds "11"]
[EventCountry "ENG"]
[SourceTitle "EXT 2006"]
[Source "ChessBase"]
[SourceDate "2005.11.24"]
[SourceVersion "1"]
[SourceVersionDate "2005.11.24"]
[SourceQuality "1"]
[WhiteTeam "Grendel's Mother"]
[BlackTeam "Warwicks Select II"]
[WhiteTeamCountry "ENG"]
[BlackTeamCountry "ENG"]

1. e4 c5 2. Nc3 Nc6 3. g3 g6 4. Bg2 Bg7 5. d3 e6 6. Be3 d6 7. Qd2 Rb8 8. Nf3 Nf6 9. Bh6 0-0 10. Bxg7 Kxg7 11. 0-0 b5 12. Nh4 b4 13. Nd1 d5 14. exd5 Nxd5 15. Ne3 f5 16. Nxd5 exd5 17. f4 Qd6 18. Nf3 Re8 19. Rfe1 Bd7 20. d4 cxd4 21. Rad1 Qc5 22. Rxe8 Rxe8 23. Nxd4 Kf7 24. Qf2 Rd8 25. Nf3 d4 26. Rd2 Bc8 27. Ng5+ Kg8 28. Qf3 d3+ 29. Qf2 Nd4 30. Nf3 dxc2 31. Rxc2 Qxc2 0-1